<?xml version="1.0" encoding="UTF-8"?>
<marc:record xmlns:marc="http://www.loc.gov/MARC21/slim">
   <marc:leader>00000nam a2200000 a 4500</marc:leader>
   <marc:datafield ind1="1" ind2=" " tag="100">
      <marc:subfield code="a">Schuster, Christian</marc:subfield>
      <marc:subfield code="4">aut</marc:subfield>
      <marc:subfield code="e">Verfasser/-in</marc:subfield>
   </marc:datafield>
   <marc:datafield ind1=" " ind2=" " tag="653">
      <marc:subfield code="a">Depression</marc:subfield>
   </marc:datafield>
   <marc:datafield ind1=" " ind2=" " tag="653">
      <marc:subfield code="a">Burnout</marc:subfield>
   </marc:datafield>
   <marc:datafield ind1=" " ind2=" " tag="653">
      <marc:subfield code="a">Burn-out</marc:subfield>
   </marc:datafield>
   <marc:datafield ind1="0" ind2="0" tag="245">
      <marc:subfield code="a">Die Geschichte beginnt mit einem Huhn</marc:subfield>
   </marc:datafield>
   <marc:datafield ind1="0" ind2="0" tag="245">
      <marc:subfield code="b">Rezepte, für die es sich zu leben lohnt</marc:subfield>
   </marc:datafield>
   <marc:datafield ind1=" " ind2="1" tag="264">
      <marc:subfield code="b">Callwey</marc:subfield>
      <marc:subfield code="c">4</marc:subfield>
   </marc:datafield>
   <marc:datafield ind1="1" ind2=" " tag="520">
      <marc:subfield code="a">Ella Risbridger weiß, wovon sie schreibt: Es gab eine Zeit, in der für sie die Welt überwältigend schien. Die Geräusche waren zu laut, die Farben zu hell, alle bewegten sich zu schnell. Eines Nachts lag sie auf ihrem Küchenboden und fragte sich, ob sie jemals wieder aufstehen würde. Es war der Gedanke an ein Huhn, es zu braten und zu essen, welcher sie wieder auf die Beine brachte und das Leben lebenswert machte. Aus dieser Situation heraus ist dieses Buch entstanden. Ein ganz persönliches Kochbuch, welches sich auch als Manifest herausstellt, von Momenten, für die es sich zu leben lohnt!</marc:subfield>
   </marc:datafield>
   <marc:datafield ind1=" " ind2=" " tag="020">
      <marc:subfield code="a">9783766724878</marc:subfield>
      <marc:subfield code="9">9783766724878</marc:subfield>
   </marc:datafield>
</marc:record>
